Federal expenditures to states and regions : a study of their distribution and impact (Record no. 417013)

000 -LEADER
fixed length control field 00499cam a22001217a 4500
008 - FIXED-LENGTH DATA ELEMENTS--GENERAL INFORMATION
fixed length control field 180718b1966 xxu||||| |||| 00| 0 eng d
082 ## - DEWEY DECIMAL CLASSIFICATION NUMBER
Classification number L6 Un3
245 ## - TITLE STATEMENT
Title Federal expenditures to states and regions : a study of their distribution and impact
Statement of responsibility, etc. by Subcommittee on Intergovernmental Relations
260 ## - PUBLICATION, DISTRIBUTION, ETC.
Place of publication, distribution, etc. Washington
Name of publisher, distributor, etc. Govt. Printing Office
Date of publication, distribution, etc. 1966
300 ## - PHYSICAL DESCRIPTION
Extent vii,139p.
650 ## - SUBJECT ADDED ENTRY--TOPICAL TERM
Topical term or geographic name entry element Intergovernmental fiscal relations --United States.
700 ## - ADDED ENTRY--PERSONAL NAME
Personal name U.S.A. Subcommittee on Intergovernmental Relations
Holdings
Withdrawn status Lost status Damaged status Not for loan Permanent Location Current Location Date acquired Full call number Barcode Date last seen Price effective from Koha item type
        Indian Institute of Public Administration Indian Institute of Public Administration 2009-03-20 L6 Un3 D468 2018-07-21 2018-07-21 D

Powered by Koha